000 00309nam a22001337a 4500
008 180125b xxu||||| |||| 00| 0 eng d
020 _a016067009955
041 _aeng
080 _a7
100 _a44
101 _aart
245 _athe art of the invisible warrior
_cstephen.k. ha
942 _2udc
_cBK
999 _c40972
_d40972